000
00292nam a22001337a 4500
008
181206b xxu||||| |||| 00| 0 eng d
020
_a
9780716799498
041
_a
eng
080
_2
5 TH
_a
541
100
_a
12
101
_a
KIM
245
_a
Organic Chemistry
_c
Schore.V
942
_2
udc
_c
BK
999
_c
52975
_d
52975